Kader - SV Werder Bremen 2020/2021 - Statistiken

Allgemein
  • Dieses Quiz wurde 342 mal gespielt
  • Das Durchschnittsergebnis liegt bei 17 aus 26
Antwortstatistiken
# Position Antwort % Korrekt
1 TW Jiri Pavlenka
98%
11 ST Niclas Füllkrug
87%
30 TW Michael Zetterer
85%
10 ZOM Leonardo Bittencourt
82%
32 IV Marco Friedl
81%
35 ZM Maximilian Eggestein
80%
7 LM Milot Rashica
80%
5 LV Ludwig Augustinsson
78%
36 ZDM Christian Groß
75%
21 IV Ömer Toprak
74%
23 RV Theodor Gebre Selassie
74%
19 ST Josh Sargent
73%
20 ZOM Romano Schmid
70%
13 IV Milos Veljkovic
68%
17 RV Felix Agu
65%
8 MS Yuya Osako
64%
40 TW Luca Plogmann
61%
9 ST Davie Selke
59%
18 IV Niklas Moisander
59%
41 MS Nick Woltemade
57%
34 ZM Jean Manuel Mbom
54%
28 ZDM Ilia Gruev
53%
6 ZM Kevin Möhwald
48%
38 TW Eduardo dos Santos Haesler
29%
16 LM Oscar Schönfelder
27%
29 ZDM Patrick Eras
15%
Keine übereinstimmenden Quizze gefunden
Verteilung der Resultate
Anzahl Personen mit jedem Resultat
Perzentil nach korrekt beantworteten Fragen
Ihre Resultats-Entwicklung
Sie haben dieses Quiz noch nicht gespielt